000 00289nam a2200133Ia 4500
008 231129s2002||||xx |||||||||||||| ||spa||
040 _bspa
082 _aCu863 V145m
100 _aValdés Zoé
245 0 _aMilagro en Miami
260 _c2002
264 _aPlaneta
942 _2ddc
_cBKS
999 _c21221
_d21221